| 000 | 00536nam a2200169 i 4500 | ||
|---|---|---|---|
| 001 | 70368 | ||
| 003 | ES-MaACL | ||
| 005 | 20230906170811.0 | ||
| 007 | t| | ||
| 008 | 040722s1949 sp ||||1| spa d | ||
| 100 | 1 |
_aGarcía Sánchez, Andrés. _955257 |
|
| 245 | 1 | 0 |
_aSantidad en la cátedra _b: el Doctor Don Emiliano Rodríguez Risueño / _cAndrés García Sánchez. |
| 250 | _a2ª ed. | ||
| 260 |
_aSalamanca : _b[s.n., _c1949] ( _fJosé Ruiz Alonso) |
||
| 300 |
_a110 p., 4 lám. ; _c18 cm. |
||
| 852 |
_aES-MaACL _jB-12920 _bR.28967 |
||
| 999 |
_c70368 _d70368 |
||